Personnages célèbres - Série 30 - Statistiques

Statistiques générales
  • Ce quiz a été pris 249 fois
  • Le résultat moyen est 7 sur 15
Statistiques - réponses
Par images Réponse % Correct
Leonardo DiCaprio
96%
Pierre Perret
68%
Cameron Diaz
67%
Lily-Rose Depp
65%
François Xavier Demaison
61%
Jean Paul Rouve
61%
Sheila
57%
Lorant Deutsch
55%
Anthony Delon
48%
Pierre Tchernia
47%
Guillaume Depardieu
39%
Xavier Deluc
20%
Mylène Demongeot
18%
Anthony Perkins
12%
Bo Derek
3%
Aucun quiz correspondant
Distribution des résultats
% des personnes avec chaque résultat
Percentile par nombre de réponses
Votre historique - résultats
Vous n’avez pas pris ce quiz